MESTSKÁ KNIŽNICA GIRALTOVCE  - online katalóg 

Dezider Kardoš (Record no. 15102)

000 -NÁVESTIE
fixed length control field 01109nam a2200265 a 4500
008 - ÚDAJE S PEVNOU DĹŽKOU – VŠEOBECNÉ INFORMÁCIE
fixed length control field 960511s1984.|||[C 0 slo c
020 ## - MEDZINÁRODNÉ ŠTANDARDNÉ ČÍSLO KNIHY (ISBN)
Údaje o dostupnosti 36 Kčs.
040 ## - ZDROJ KATALOGIZÁCIE
Pôvodná katalogizujúca agentúra SNK
Jazyk katalogizácie slo
Prepisujúca agentúra SNK
Konvencie popisu AACR2
041 1# - KÓD JAZYKA
Kód jazyka textu/zvukovej stopy alebo samostatných nápisov slo
044 ## - KÓD KRAJINY VYDAVATEĽA/PRODUCENTA
Kód krajiny MARC xo
Kód krajiny ISO SK
080 ## - ČÍSLO MEDZINÁRODNÉHO DESATINNÉHO TRIEDENIA (MDT)
Číslo Medzinárodného desatinného triedenia (MDT) 785.7:786.2(086.7)
080 ## - ČÍSLO MEDZINÁRODNÉHO DESATINNÉHO TRIEDENIA (MDT)
Číslo Medzinárodného desatinného triedenia (MDT) 786.2(086.7)
080 ## - ČÍSLO MEDZINÁRODNÉHO DESATINNÉHO TRIEDENIA (MDT)
Číslo Medzinárodného desatinného triedenia (MDT) 786.2
110 0# - HLAVNÝ VSTUP – KORPORATÍVNE MENO
Korporatívne meno alebo meno jurisdikcie ako vstupný prvok Trávničkovo kvarteto
Kód roly prf
245 10 - NÁZOV
Názov Dezider Kardoš
Médium Audiozáznam
Údaj o zodpovednosti atď. Trávničkovo kvarteto, Bratislavské dychové kvinteto, Slovenský komorný orchester ; Ľudmila Kojanová, Pavol Novotný
260 ## - VYDAVATEĽSKÉ ÚDAJE, DISTRIBÚCIA ATĎ.
Miesto publikovania, distribúcie atď. Bratislava,
Názov vydavateľa, distibútora atď. Opus
Dátum publikovania, distribúcie atď. 1984.
300 ## - FYZICKÝ POPIS
Rozsah 2 s.
500 ## - VŠEOBECNÁ POZNÁMKA
Formátovaná poznámka o obsahu Gramofónová platňa. Stereo. Má 4 skladby. Obal Jozef Trepáč. Notes Vladimír Godár. Fot. Miloš Vančo. Dizajn Otto Nittnaus. Vytl. Grafobal, n.p., Skalica.
500 ## - VŠEOBECNÁ POZNÁMKA
Formátovaná poznámka o obsahu Klavír Ľudmila Kojanová, Pavol Novotný. Hrá Travničkovo kvarteto, Bratislavské dychové kvinteto a Slovenský komorný orchester.
700 1# - PRIDANÝ VSTUP – OSOBNÉ MENO
Osobné meno Kojanová, Ľudmila
Kód roly nrt
700 1# - PRIDANÝ VSTUP – OSOBNÉ MENO
Osobné meno Novotný, Pavol
Kód roly nrt
710 0# - PRIDANÝ VSTUP – KORPORATÍVNE MENO
Korporatívne meno alebo meno jurisdikcie ako vstupný prvok Bratislavské dychové kvinteto
Kód roly prf
710 0# - PRIDANÝ VSTUP – KORPORATÍVNE MENO
Korporatívne meno alebo meno jurisdikcie ako vstupný prvok Slovenský komorný orchester
Kód roly prf
958 ## - Formálny deskriptor
Formálny deskriptor J
Holdings
Stav stiahnutia (Blokovanie) (Withrawn status) Stav straty Stav poškodenia (Damaged status) Nie pre výpožičky (Not for loan) Spôsob nadobudnutia (Collection code) Trvalé umiestnenie Aktuálne umiestnenie Dátum nadobudnutia Náklady, bežná kúpna cena Inventárne číslo (prírastkové číslo) Full call number Dátum posledného výskytu Cena s účinnosťou od Typ jednotky Koha
        Kúpa Mestská knižnica Giraltovce Mestská knižnica Giraltovce 2019-11-29 36.00 14139 I 0210 2019-11-29 2019-11-29 Odborná literatúra pre dospelých

Powered by Koha